Geopolitics of Gold: Monetary Power, Sanctions, and the Future of International Reserves

Zlato sa opäť stalo strategickým aktívom v ére intenzívnejšej geopolitickej rivality, rozširujúcich sa sankčných režimov a rastúcej fragmentácie medzinárodného menového systému. Zatiaľ čo americký dolár naďalej dominuje globálnym financiám, zlato sa čoraz viac cení ako politicky neutrálny rezervný n...

Descrizione completa

Salvato in:
Dettagli Bibliografici
Autore principale: Jančíková, Eva, 1960-
Altri autori: Schagerl, Christopher, 1984-
Natura: Capitolo di libro
Lingua:inglese
Soggetti:
Tags: Aggiungi Tag
Nessun Tag, puoi essere il primo ad aggiungerne!!

MARC

LEADER 00000naa$a2200000$$$4500
001 0314294
005 20260123122636.8
041 0 |a eng 
044 |a SK 
245 1 0 |a Geopolitics of Gold: Monetary Power, Sanctions, and the Future of International Reserves  |c Eva Jančíková, Christopher Schagerl 
520 |a Zlato sa opäť stalo strategickým aktívom v ére intenzívnejšej geopolitickej rivality, rozširujúcich sa sankčných režimov a rastúcej fragmentácie medzinárodného menového systému. Zatiaľ čo americký dolár naďalej dominuje globálnym financiám, zlato sa čoraz viac cení ako politicky neutrálny rezervný nástroj, ktorý posilňuje menovú suverenitu a znižuje zraniteľnosť voči zbraňovaným finančným infraštruktúram. Táto práca skúma geopolitiku zlata optikou menovej moci, sankcií a diverzifikácie rezervnej politiky. Tvrdí, že zlato nenahrádza dolár, ale dopĺňa ho ako forma suverénneho poistenia v multipolárnom poriadku. Analýza, ktorá vychádza z historických skúseností a nedávneho správania centrálnych bánk, zdôrazňuje obnovený význam zlata pri formovaní budúcej architektúry medzinárodných rezerv. 
610 2 0 |a zlato 
610 2 0 |a geopolitika 
610 2 0 |a kovy strategické 
610 2 0 |a politika zahraničná 
610 2 0 |a porovnanie medzinárodné 
610 2 0 |a politika 
100 1 |a Jančíková, Eva, 1960- 
700 1 |a Schagerl, Christopher, 1984-